000 00686nam a2200253Ia 4500
003 OSt
005 20220918185243.0
006 a|||||r|||| 00| 0
007 ta
008 220917b |||||||| |||| 00| 0 eng d
024 _a50,290
037 _cTextual
040 _aARTS
_cARTS
_beng
041 _2eng
_aeng
082 _aP,11p1,N77, M0
110 _aConference on Vowel Harmony
_968385
245 0 _aProceedings ed by Robert M Vago
260 _aAmsterdam
_bJohn Benjamin
_c1980
300 _axx, 340p.
_ccm.
650 _aLINGUISTICS
700 _aConference on Vowel Harmony
_968386
942 _hP,11p1,N77, M0
_cTEXL
_2CC
999 _c179887
_d179887